000 00260nam a2200109Ia 4500
008 190216s9999||||xx |||||||||||||| ||und||
100 _aKnut Sehnd J Nielson
245 0 _aAnimal Physiology
260 _bPentice Hall Of India
650 _aZoology
942 _cBK
999 _c37300
_d37300